000 00289nam a2200121 i 4500
001 bg
245 0 _aRozwój naukowych podstaw budowy pojazdów samochodowych.
260 _aWrocław,
_c1978.
040 _cBPK
041 _apol
942 _cKS
008 s pl f |000 0 pol
999 _c18138
_d18138
856 _uhttp://koha.tu.koszalin.pl/cgi-bin/koha/opac-detail.pl?biblionumber=18138
_yKatalog online BPK